00269nam a22001097a 4500008004100000082001100041100001600052245004600068260002600114300000800140650001100148230930b |||||||| |||| 00| 0 eng d a105.32 aS.L. Nelson aPower Point 2002 From A TO ZcS.L. Nelson bFire Wall Mediac2001 a202 aBB CSE